| 000 | 00378nam a2200145Ia 4500 | ||
|---|---|---|---|
| 008 | 230519s9999 xx 000 0 und d | ||
| 020 | _a978-81-8147-089-8 | ||
| 041 | _aeng | ||
| 082 | _aP/610.7362/MAR/DB1079 | ||
| 100 | _aMarlow Dorothy | ||
| 245 | _aTextbook of Pediatric Nursing | ||
| 260 |
_bElsevier _aPhailadelphia _c2012 |
||
| 300 | _a1316p | ||
| 999 |
_c159646 _d159646 |
||